000 01062cam a2200253 i 4500
003 SA-RiAUC
005 20250915050236.0
008 250913s1990 su g 00000 ara c
040 _aSA-RiKSU
_bara
_cSA-RiAUC
_erda
082 0 4 _a216.7
090 _a216.7
_bن د و
100 1 _aالندوي، علي الحسني،
_d1913-1999
_eمؤلف.
245 1 0 _aصورتان متضادتان عند أهل السنة والشيعة الإمامية /
_cتأليف أبو الحسن علي الحسني الندوي.
264 1 _aجدة، السعودية :
_bدار البشير للنشر والتوزيع،
_c1990.
300 _a108 صفحة ؛
_c24 سم
336 _aنص
_btxt
_2rdacontent
_3كتاب
337 _aبدون وسيط
_bn
_2rdamedia
338 _aمجلد
_bnc
_2rdacarrier
650 7 _aالصحابة والتابعون
_xدفع مطاعن
_2aucsh
650 7 _aالإسلام
_xدفع مطاعن
_2aucsh
650 7 _aالإمامية (فرقة إسلامية)
_2aucsh
942 _2ddc
_cBOOK
_n0
949 _aSA-JeALM
_d250913
_umohamedma123
_n1
999 _c11724
_d11724